Organizational culture and leadership

Spremljeno u:
Bibliografski detalji
Glavni autor: Schein, Edgar H.
Format: Knjiga
Jezik:Undetermined
Izdano: San Francisco Jossey-Bass 1992
Teme:
Oznake: Dodaj oznaku
Bez oznaka, Budi prvi tko označuje ovaj zapis!
Thư viện lưu trữ: Trung tâm Học liệu Trường Đại học Cần Thơ
LEADER 00501nam a2200181Ia 4500
001 CTU_96752
008 210402s9999 xx 000 0 und d
082 |a 302.35 
082 |b S318 
100 |a Schein, Edgar H. 
245 0 |a Organizational culture and leadership 
245 0 |c Edgar H. Schein 
260 |a San Francisco 
260 |b Jossey-Bass 
260 |c 1992 
650 |a Corporate culture,Culture,Leadership 
904 |i Năm 
980 |a Trung tâm Học liệu Trường Đại học Cần Thơ